Физика (Запис номер 397457)
[ съкратено ]
| 000 -Лидер | |
|---|---|
| Контролно поле с фиксирана дължина | nam a22 a 4500 |
| 003 - Код на организацията, давaща контролен номер | |
| Контролно поле | BLK |
| 005 - Дата и час на последна редакция | |
| Контролно поле | 20221208031033.0 |
| 008 - Елементи от данни с фиксирана дължина | |
| fixed length control field | 210208b bu ||||| |||| 00| 0 bu d |
| 020 ## - Международен стандартен номер на книга ISBN | |
| Международен стандартен номер на книга ISBN | 9541800637 |
| 040 ## - Източник на каталожния запис | |
| Идентификатор на билиотеката - собственик на записа | BLK |
| 041 ## - Код за език | |
| Код за езика на текст/звукозапис или на отделно заглавие | Български |
| Код за езика КДБФ | Български |
| 080 ## - УДК | |
| Текстов определител УДК | Физика в основното училище |
| УДК код - определител по УДК | 373.3.016:53 |
| УДК определител | (075.2) |
| УДК - код + определител | 373.3.016:53(075.2) |
| 100 ## - Редна дума - Автор | |
| R(LIN) | 363675 |
| Автор | Гроздев, Красимир Иванов |
| Авторска отговорност | първи автор |
| 139 ## - Редно поле | |
| Редна дума | Физика за VII кл. |
| 245 ## - Сведения за заглавието | |
| Заглавие | Физика |
| Подзаглавни данни | Учебник : За VII кл. на общообраз. у-ща |
| Редно поле (дума) | Красимир Гроздев и др |
| 260 ## - Област на издателските данни | |
| 9 (RLIN) | 209436 |
| Място на издаване, разпространение и проч. | София |
| Име на издателя, разпространителя и проч. | Булвест 2000 |
| Година на издаване | 1995 |
| 300 ## - Физическа характеристика | |
| Страници | 154 с. |
| Илюстрации и др. | с ил. |
| Размери/Мащаб | 28 см |
| 380 ## - Жанр | |
| Жанр | Обществени науки |
| 500 ## - Общи забележки | |
| Забележка | Други авт.: Н. Ненова, Л. Вацкичев, Й. Колева<br/> |
| 650 #0 - Допълнително описание по предмет – тема | |
| 9 (RLIN) | 247662 |
| Основно описание – тема или топоним | Физика - учебници за основни училища |
| 653 #7 - Ключова дума – ненормативна | |
| 9 (RLIN) | 199109 |
| Ключова дума | учебници за основни училища |
| 653 #7 - Ключова дума – ненормативна | |
| 9 (RLIN) | 199275 |
| Ключова дума | физика |
| 700 ## - Други автори (авторска отговорност) | |
| Лично име | Ненова, Николина Атанасова |
| Автороска отговорност (Описва отношението между автора и произведението) | съавт. |
| 9 (RLIN) | 1445 |
| 700 ## - Други автори (авторска отговорност) | |
| Лично име | Вацкичев, Людмил Петров |
| Автороска отговорност (Описва отношението между автора и произведението) | съавт. |
| 9 (RLIN) | 1445 |
| 700 ## - Други автори (авторска отговорност) | |
| 9 (RLIN) | 415248 |
| Лично име | Колева, Йорданка Паунова |
| Автороска отговорност (Описва отношението между автора и произведението) | съавт. |
| 852 ## - Местоположение | |
| Форматна сигнатура | Цб ІІ 8438 |
| Фондова буква | Хранилище |
| 999 ## - СИСТЕМНИ КОНТРОЛНИ НОМЕРА | |
| Koha biblionumber | 397457 |
| Koha biblioitemnumber | 397457 |
| 942 ## - АРТИКУЛИ | |
| Вид на библиотечния материал | Книги |
| Скрит в OPAC | Не |
| Периодичен библиозапис | Да |
| 944 ## - СЪЗДАВАНЕ И РЕДАКЦИЯ на ЗАПИСА | |
| Създаване/Редакция | Създаване |
| Дата на регистрацията/редакция | 2021-02-08 |
| Служител, извършил регистрацията/редакцията | Микаела Микова - Илиева |
| Статус, дата на статуса | 2021-02-08 |
| Код за отписване | Код за изгубен артикул | Източник на класификационната схема | Код за повреда | Коз за рестрикции | Код за отдаване | Артикулен № | Име на библиотеката - собственик | Име на библиотеката, в която се намира в момента | Статус (Текущо местоположение) | Дата на вписване в системата | Местоположение - отдел | Цена в лева | Инвентарен номер | Систематично азбучна сигнатура | Баркод | Цена в евро | Служебен тип на артикула |
|---|---|---|---|---|---|---|---|---|---|---|---|---|---|---|---|---|---|
| Не е изгубен | Universal Decimal Classification | Не е повреден | само за читалня | ползва се в читалня | 811388 | Регионална библиотека "Любен Каравелов" Русе | Регионална библиотека "Любен Каравелов" Русе | Хранилище | 2021-02-10 | Хранилище | 2.34 | 617022 | Цб ІІ 8438 | 120000617022 | 1.20 | Книги |